Κατάλογος Βιβλιοθηκών Mediterranean College

Social Psychology / Understanding Human Interaction (Record no. 424)

MARC details
000 -LEADER
fixed length control field 01556cam a22002174a 4500
005 - ΗΜΕΡΟΜΗΝΙΑ ΚΑΙ ΩΡΑ ΤΕΛΕΥΤΑΙΑΣ ΕΝΗΜΕΡΩΣΗΣ
Πεδίο ελέγχου 20250605163934.0
008 - FIXED-LENGTH DATA ELEMENTS--GENERAL INFORMATION
Πεδίο ελέγχου σταθερού μήκους 250528s ||||||||||||||||||||||||d
035 ## - SYSTEM CONTROL NUMBER
System control number 14809
020 ## - ISBN
ISBN 205148832
040 ## - ΠΗΓΗ ΚΑΤΑΛΟΓΟΓΡΑΦΗΣΗΣ
Φορέας πρωτότυπης καταλογογράφησης MC Athens Campus Library
Γλώσσα καταλογογράφησης Ελληνικά, Μοντέρνα (1453-)
Modifying agency MC Athens Campus Library
Κανόνες περιγραφικής καταλογογράφησης AACR2
245 1# - ΤΙΤΛΟΣ ΚΑΙ ΔΗΛΩΣΗ ΥΠΕΥΘΥΝΟΤΗΤΑΣ
Τίτλος Social Psychology / Understanding Human Interaction
250 ## - EDITION STATEMENT
Edition statement 7th
260 ## - PUBLICATION, DISTRIBUTION, ETC.
Name of publisher, distributor, etc. Allyn And Bacon,
Date of publication, distribution, etc. 1994
300 ## - PHYSICAL DESCRIPTION
Extent 700
520 ## - SUMMARY, ETC.
Summary, etc. This book provides lots of practice with short answer, definition, matching, multiple choice, true/ false, and completion type questions. Preface: On Not Growing Old Gracefully, Acknowledgements, The Field of Social Psychology: How We Think About and Interact with Others, Social Perception: Understanding Others, Social Cognition: Thinking about Others and the Social World, Attitudes: Evaluating the Social World, Social Identity: Self and Gender, Prejudice and Discrimination and Understanding Their Nature and Countering Their Effects, Interpersonal Attraction: Getting Acquainted and Becoming Friends, Close Relationships: Friendship and Love and Sexuality, Social Influence: Changing Others' Behavior, Prosocial Behavior: Providing Help to Others, Aggression: Its Nature and Causes and Control, Groups and Individuals: The Consequences of Belonging, Social Psychology and the Individual: Population and Health and Environmental Applications, Social Psychology and Society: Legal and Political and Organizational Applications.
700 1# - ΠΡΟΣΘΕΤΗ ΑΝΑΓΡΑΦΗ--ΦΥΣΙΚΟ ΠΡΟΣΩΠΟ
Personal name Baron Robert A.
9 (RLIN) 568
700 1# - ΠΡΟΣΘΕΤΗ ΑΝΑΓΡΑΦΗ--ΦΥΣΙΚΟ ΠΡΟΣΩΠΟ
Personal name Byrne Donn
9 (RLIN) 569
942 ## - ADDED ENTRY ELEMENTS (KOHA)
Koha item type Books
Holdings
Τύπος τεκμηρίου Βιβλιοθήκη Τρέχουσα τοποθεσία Barcode Αριθμός εισαγωγής Ημερομηνία απόκτησης Ταξιθετικό σύμβολο Αριθμός αντιτύπου Κατάσταση απόσυρσης Κατάσταση χαμένου Κατάσταση κατεστραμμένου Μη δανεισμός Σύνολο δανεισμών Σύνολο ανανεώσεων Ημερομηνία τελευταίας εμφάνισης Χρονολογία τελευταίου δανεισμού Η τιμή ισχύει από
Books MC Athens Campus Library MC Athens Campus Library 9780000004239 5077 05/06/2025 302 BAR 1         1 2 11/03/2026 16/02/2026 05/06/2025

MC Athens Campus Library
Πατησίων 94 & Κοδριγκτώνος 13, 104 34
Πελλήνης 8 & Πατησίων 107, 112 51
Τ: +30 210 8899600

MC Thessaloniki Campus Library
Ίωνος Δραγούμη 21, 54625 | Ίωνος Δραγούμη 15, 54625
Τ: +30 2310 287779 – Τ: +30 2314 440300